|
|
|
|
| LEADER |
00000nam0a2200000 4500 |
| 001 |
324231 |
| 005 |
20231102003640.0 |
| 035 |
|
|
|a (RuTPU)RU\TPU\book\349828
|
| 090 |
|
|
|a 324231
|
| 100 |
|
|
|a 20161110d1956 m y0rusy50 ca
|
| 101 |
0 |
|
|a rus
|
| 102 |
|
|
|a RU
|
| 105 |
|
|
|a a j 001zy
|
| 200 |
1 |
|
|a Машиноведение
|e учебное пособие для техникумов
|f С. П. Врашев, А. Л. Летник, Д. М. Шифрин
|
| 210 |
|
|
|a Москва
|c Машгиз
|d 1956
|
| 215 |
|
|
|a 462 с.
|c ил.
|e Прилож.: 1 вкл. л
|
| 320 |
|
|
|a Библиогр.: с. 455-456
|
| 606 |
1 |
|
|a Машиноведение
|2 stltpush
|3 (RuTPU)RU\TPU\subj\41416
|9 61208
|
| 610 |
1 |
|
|a гидравлика
|
| 610 |
1 |
|
|a насосы
|
| 610 |
1 |
|
|a гидравлические двигатели
|
| 610 |
1 |
|
|a техническая термодинамика
|
| 610 |
1 |
|
|a теплопередача
|
| 610 |
1 |
|
|a топливо
|
| 610 |
1 |
|
|a котельные установки
|
| 610 |
1 |
|
|a паровые машины
|
| 610 |
1 |
|
|a паровые турбины
|
| 610 |
1 |
|
|a двигатели внутреннего сгорания
|
| 610 |
1 |
|
|a газовые турбины
|
| 610 |
1 |
|
|a турбореактивные двигатели
|
| 610 |
1 |
|
|a учебные пособия
|
| 675 |
|
|
|a 621.01(075.3)
|v 4
|
| 700 |
|
1 |
|a Врашев
|b С. П.
|g Сергей Павлович
|
| 701 |
|
1 |
|a Летник
|b А. Л.
|g Александр Львович
|
| 701 |
|
1 |
|a Шифрин
|b Д. М.
|g Даниил Моисеевич
|
| 801 |
|
1 |
|a RU
|b 63413507
|c 20161110
|
| 801 |
|
2 |
|a RU
|b 63413507
|c 20200318
|g RCR
|
| 942 |
|
|
|c BK
|